| 000 | 00485nam a2200181Ia 4500 | ||
|---|---|---|---|
| 001 | 13872 | ||
| 005 | 20260306164833.0 | ||
| 008 | 260306t1995||||xx |||||||||||||| ||spa|| | ||
| 041 | _aESP | ||
| 082 |
_a005.43 _bM52 |
||
| 100 |
_aMicrosoft Corporation _eAUT |
||
| 245 | 0 |
_aIntroducción a Microsoft Windows 95: _bpara el sistema operativo Microsoft Windows |
|
| 260 | _c1995 | ||
| 300 |
_axv, 95 páginas : _c23 cm. |
||
| 650 | _aGEN | ||
| 654 | _aCCC | ||
| 942 |
_cLIB _dJUS _fJUS _2ddc _n |
||
| 999 |
_c13872 _d13872 |
||